[Event "35th Zalakaros Open 2016"]
[Site "Zalakaros HUN"]
[Date "2016.06.01"]
[Round "6.9"]
[White "Prohaszka, Peter2"]
[Black "Czebe, Attila"]
[Result "1-0"]
[WhiteTitle "GM"]
[BlackTitle "GM"]
[WhiteElo "2593"]
[BlackElo "2454"]
[WhiteFideId "726265"]
[BlackFideId "705268"]
[EventDate "2016.05.27"]

1. d4 d6 2. c4 e5 3. Nc3 g6 4. Nf3 Bg7 5. g3 exd4 6. Nxd4 Ne7 7. Bg2 O-O 8. O-O
Nbc6 9. Nxc6 bxc6 10. Bg5 Rb8 11. Qd2 f6 12. Bf4 c5 13. Rad1 Bb7 14. Bxb7 Rxb7
15. Na4 Qe8 16. b3 Nc6 17. Rfe1 Rb8 18. Qd5+ Kh8 19. Bd2 Nd4 20. e3 Nc2 21. Rf1
f5 22. Qd3 Qe4 23. Ba5 Qxd3 24. Rxd3 Nb4 25. Rd2 Rf7 26. Kg2 Re7 27. Bxb4 cxb4
28. c5 dxc5 29. Rc1 Kg8 30. Rxc5 Kf7 31. Rdc2 Rb7 32. Ra5 Re5 33. Rcc5 Rxc5 34.
Nxc5 Rb6 35. Rxa7 Be5 36. Nd7 1-0

[Event "35th Zalakaros Open 2016"]
[Site "Zalakaros HUN"]
[Date "2016.06.01"]
[Round "6.10"]
[White "Costachi, Mihnea"]
[Black "Horvath, Jozsef1"]
[Result "1/2-1/2"]
[WhiteTitle "FM"]
[BlackTitle "GM"]
[WhiteElo "2397"]
[BlackElo "2528"]
[WhiteFideId "1217518"]
[BlackFideId "700061"]
[EventDate "2016.05.27"]

1. d4 g6 2. e4 Bg7 3. Nc3 d6 4. Nf3 Nf6 5. Be2 O-O 6. O-O e6 7. Be3 h6 8. h3 Nc6
9. Qd2 Kh7 10. Ne1 Qe7 11. Nd3 Rd8 12. Rae1 b6 13. f4 d5 14. exd5 Nxd5 15. Nxd5
Rxd5 16. Bf3 Rd6 17. g4 Rb8 18. c3 Ba6 19. Bxc6 Bxd3 20. Qxd3 Rxc6 21. Qe4 Qd6 1/2-1/2

[Event "35th Zalakaros Open 2016"]
[Site "Zalakaros HUN"]
[Date "2016.06.01"]
[Round "6.11"]
[White "Svane, Rasmus"]
[Black "Nguyen, Thai Dai Van"]
[Result "1-0"]
[WhiteTitle "IM"]
[BlackTitle "FM"]
[WhiteElo "2526"]
[BlackElo "2438"]
[WhiteFideId "4657101"]
[BlackFideId "358878"]
[EventDate "2016.05.27"]

1. Nf3 d5 2. d4 Nf6 3. c4 e6 4. Nc3 Be7 5. Bf4 O-O 6. e3 b6 7. Bd3 dxc4 8. Bxc4
Ba6 9. Qe2 Qc8 10. O-O c5 11. Rac1 Qb7 12. dxc5 Bxc4 13. Qxc4 Rc8 14. Na4 bxc5
15. Rfd1 Nbd7 16. Ne5 Nxe5 17. Bxe5 Nd7 18. Bc3 Nb6 19. Qg4 Bf8 20. Rd2 Qc6 21.
Nxb6 Qxb6 22. Rcd1 Rd8 23. Qh4 Rxd2 24. Rxd2 Qc7 25. h3 h6 26. Qa4 Qe7 27. Rd1
g6 28. Rd2 Bg7 29. Qc6 Rb8 30. Rd7 Qe8 31. Bxg7 Kxg7 32. Qc7 Rxb2 33. Re7 Rb1+
34. Kh2 Qf8 35. f4 Kg8 36. Qxa7 c4 37. Rd7 c3 38. Qc7 Qg7 39. Qc8+ Kh7 40. Rc7
Rc1 41. a4 Ra1 42. Qe8 Rd1 43. a5 g5 44. a6 c2 45. a7 gxf4 46. exf4 c1=Q 47.
Rxc1 Rxc1 48. a8=Q Rc3 49. Qe4+ f5 50. Qe1 Rc2 51. Qg3 1-0

[Event "35th Zalakaros Open 2016"]
[Site "Zalakaros HUN"]
[Date "2016.06.01"]
[Round "6.12"]
[White "Horvath, Adam1"]
[Black "Efroimski, Marsel"]
[Result "1-0"]
[WhiteTitle "GM"]
[BlackTitle "WIM"]
[WhiteElo "2515"]
[BlackElo "2268"]
[WhiteFideId "708003"]
[BlackFideId "2810964"]
[EventDate "2016.05.27"]

1. e4 c5 2. Nf3 d6 3. d4 cxd4 4. Nxd4 Nf6 5. Nc3 Nc6 6. Bg5 e6 7. Qd2 Be7 8.
O-O-O Nxd4 9. Qxd4 O-O 10. f4 Qa5 11. e5 dxe5 12. Qxe5 Qxe5 13. fxe5 Nd5 14.
Bxe7 Nxe7 15. Bd3 b6 16. Be4 Rb8 17. Rhe1 Bb7 18. Rd7 Bxe4 19. Rxe4 Nc6 20. Nb5
Rfd8 21. Rd6 Rdc8 22. Rc4 Nxe5 23. Rxc8+ Rxc8 24. Nxa7 Rb8 25. b3 Kf8 26. a4 Ke8
27. c4 Rb7 28. Nb5 Ke7 29. Kc2 g5 30. Kc3 f5 31. b4 f4 32. c5 bxc5 33. bxc5 Rd7
34. a5 g4 35. a6 f3 36. gxf3 gxf3 37. Kd2 Nc4+ 38. Ke1 Nxd6 39. cxd6+ Ke8 40.
Nc7+ Kd8 41. a7 Rxd6 42. a8=Q+ Kxc7 43. Qa7+ Kc6 44. Qxh7 Rd5 45. h4 Kd6 46. h5
Ke5 47. h6 Kf4 48. Qf7+ Kg3 49. Qg7+ Kf4 50. h7 Ke3 51. Qh6+ 1-0

[Event "35th Zalakaros Open 2016"]
[Site "Zalakaros HUN"]
[Date "2016.06.01"]
[Round "6.13"]
[White "Smith, Bryan G"]
[Black "Perunovic, Milos"]
[Result "0-1"]
[WhiteTitle "GM"]
[BlackTitle "GM"]
[WhiteElo "2453"]
[BlackElo "2639"]
[WhiteFideId "2017083"]
[BlackFideId "921629"]
[EventDate "2016.05.27"]

1. e4 c5 2. Nf3 e6 3. d4 cxd4 4. Nxd4 Nc6 5. Nc3 Qc7 6. Be3 a6 7. Qf3 d6 8.
O-O-O Bd7 9. Qg3 Nf6 10. f4 b5 11. e5 dxe5 12. fxe5 Qxe5 13. Bf4 Qh5 14. Nxc6
Bxc6 15. Be2 Qg6 16. Bf3 Rc8 17. Bxc6+ Rxc6 18. Qf3 Nd5 19. Rhe1 Rxc3 20. bxc3
Ba3+ 21. Kb1 O-O 22. Be5 Bc5 23. Rxd5 exd5 24. Qxd5 Rc8 25. Qd7 Qc6 26. Rd1 f6
27. Qxc6 Rxc6 28. Rd8+ Kf7 29. Bf4 g5 30. Bc1 Bd6 31. g3 Be5 32. Bb2 Kg6 33. Rd5
Rc4 34. Kc1 h5 35. Rd8 h4 0-1

[Event "35th Zalakaros Open 2016"]
[Site "Zalakaros HUN"]
[Date "2016.06.01"]
[Round "6.14"]
[White "Medvegy, Zoltan"]
[Black "Butkiewicz, Lukasz"]
[Result "1-0"]
[WhiteTitle "GM"]
[BlackTitle "IM"]
[WhiteElo "2553"]
[BlackElo "2429"]
[WhiteFideId "708402"]
[BlackFideId "1122428"]
[EventDate "2016.05.27"]

1. d4 Nf6 2. c4 e6 3. g3 c5 4. d5 exd5 5. cxd5 d6 6. Nc3 g6 7. Bg2 Bg7 8. Nf3
O-O 9. O-O a6 10. a4 Nbd7 11. e4 Rb8 12. Bf4 Ne8 13. Qe2 b5 14. axb5 axb5 15.
Nxb5 Rb6 16. Nc3 Nc7 17. Rfe1 Re8 18. Qd2 Nb5 19. Bf1 Nxc3 20. bxc3 Rb3 21. Rac1
Qb6 22. Bc4 Rb2 23. Rc2 Rb1 24. Rxb1 Qxb1+ 25. Rc1 Qb6 26. Qc2 Nf6 27. Nd2 Nh5
28. Be3 f5 29. exf5 Bxf5 30. Bd3 Bxd3 31. Qxd3 Qc7 32. Nc4 Rb8 33. Re1 Re8 34.
Ra1 Bf8 35. Kg2 Qb7 36. Rb1 Qa8 37. Bg5 Qc8 38. h3 Qc7 39. g4 Ng7 40. Bf4 Rd8
41. Nd2 Qf7 42. Qf3 Ne8 43. Bg5 Qxf3+ 44. Kxf3 Rd7 45. Ne4 h6 46. Rb8 hxg5 47.
Rxe8 Kf7 48. Re6 Be7 49. Ke3 Rd8 50. Kd3 Rh8 51. Nxd6+ Bxd6 52. Rxd6 Rxh3+ 53.
Kc4 Rf3 54. Re6 Rxf2 55. Kxc5 Rf4 56. Re3 Rxg4 57. d6 1-0

[Event "35th Zalakaros Open 2016"]
[Site "Zalakaros HUN"]
[Date "2016.06.01"]
[Round "6.15"]
[White "Szabo, Gergely-Andras-Gyula"]
[Black "Cebalo, Miso"]
[Result "1-0"]
[WhiteTitle "GM"]
[BlackTitle "GM"]
[WhiteElo "2548"]
[BlackElo "2407"]
[WhiteFideId "1205064"]
[BlackFideId "14500094"]
[EventDate "2016.05.27"]

1. e4 c5 2. Nf3 d6 3. d4 cxd4 4. Nxd4 Nf6 5. Nc3 g6 6. Be3 Bg7 7. f3 O-O 8. Qd2
Nc6 9. g4 Nxd4 10. Bxd4 Be6 11. h4 Qa5 12. h5 Rac8 13. a3 a6 14. hxg6 fxg6 15.
O-O-O Rf7 16. Bh3 Nd7 17. Bxg7 Kxg7 18. g5 Nf8 19. Rdf1 Bxh3 20. Rxh3 Ne6 21. f4
Nxg5 22. Rhh1 Rxc3 23. fxg5 Rc5 24. Rxh7+ Kxh7 25. Rxf7+ Kg8 26. Rxe7 Qxd2+ 27.
Kxd2 Rxg5 28. Rxb7 d5 29. exd5 Rxd5+ 30. Ke3 Rc5 31. Kd3 g5 32. Rb6 a5 33. c4
Kf7 34. Rb5 1-0

[Event "35th Zalakaros Open 2016"]
[Site "Zalakaros HUN"]
[Date "2016.06.01"]
[Round "6.16"]
[White "Shyam, Sundar M."]
[Black "Ben Artzi, Ido"]
[Result "0-1"]
[WhiteTitle "GM"]
[BlackTitle "IM"]
[WhiteElo "2530"]
[BlackElo "2399"]
[WhiteFideId "5019141"]
[BlackFideId "2810913"]
[EventDate "2016.05.27"]

1. e4 e5 2. Nf3 Nc6 3. Bb5 a6 4. Ba4 Nf6 5. O-O Be7 6. d3 b5 7. Bb3 d6 8. a3 O-O
9. Nc3 Na5 10. Ba2 c5 11. Bd2 Be6 12. Bxe6 fxe6 13. b4 Nc6 14. bxc5 d5 15. Bg5
Bxc5 16. Qb1 Nd4 17. Nd2 Rc8 18. exd5 exd5 19. Qa2 Ba7 20. Bxf6 gxf6 21. Qxd5+
Kg7 22. Qxd8 Rfxd8 23. Nce4 Rxc2 24. Rfd1 f5 25. Ng3 Kf6 26. Rab1 Rdc8 27. h3
Ra2 28. Ra1 Rxa1 29. Rxa1 Rc2 30. Rd1 Ra2 31. Ndf1 Ke6 32. Nh5 Ne2+ 33. Kh1 Bxf2
34. g4 f4 35. Nd2 Nc3 36. Rc1 Rxd2 37. Rxc3 f3 38. Rc6+ Kd5 39. Rxa6 Rd1+ 40.
Kh2 Bg1+ 41. Kg3 f2 42. Nf6+ Kd4 43. Rd6+ Ke3 44. Nd5+ Kd2 0-1

[Event "35th Zalakaros Open 2016"]
[Site "Zalakaros HUN"]
[Date "2016.06.01"]
[Round "6.17"]
[White "Nitin, S."]
[Black "Miron, Lucian-Costin"]
[Result "0-1"]
[WhiteTitle "IM"]
[BlackTitle "IM"]
[WhiteElo "2377"]
[BlackElo "2524"]
[WhiteFideId "5018277"]
[BlackFideId "1210920"]
[EventDate "2016.05.27"]

1. e4 e5 2. Nf3 Nc6 3. Nc3 Nf6 4. Bb5 Bd6 5. a3 a6 6. Bc4 O-O 7. d3 Be7 8. h3 d6
9. O-O Be6 10. Nd5 Nb8 11. d4 Bxd5 12. exd5 e4 13. Nh2 b5 14. Bb3 c6 15. dxc6 d5
16. c7 Qxc7 17. Ng4 Nbd7 18. Bd2 Nxg4 19. Qxg4 Qc6 20. Qf5 Nb6 21. f3 g6 22. Qf4
Bd6 23. Qh6 Nc4 24. Kh1 f5 25. fxe4 fxe4 26. Bg5 Rxf1+ 27. Rxf1 Bf8 28. Qh4 Bg7
29. c3 Rf8 30. Rxf8+ Bxf8 31. Qg4 h5 32. Qe2 Bd6 33. g4 hxg4 34. Qxg4 Qe8 35.
Bf6 Kf7 36. Qh4 Qe6 37. Bg5 Kg8 38. Bd1 Qf5 39. Kg2 Be7 40. Bxe7 Ne3+ 41. Kh2
Nxd1 42. Bf6 Kf7 43. Bg5 Ke6 44. b3 e3 45. Bd8 Qf2+ 46. Qxf2 exf2 47. Kg2 Kf5
48. Bh4 Ke4 49. Bxf2 Nxf2 50. Kxf2 Kd3 51. c4 bxc4 52. bxc4 Kxc4 53. Ke3 g5 0-1

[Event "35th Zalakaros Open 2016"]
[Site "Zalakaros HUN"]
[Date "2016.06.01"]
[Round "6.18"]
[White "Kohlweyer, Bernd"]
[Black "Mihok, Oliver"]
[Result "0-1"]
[WhiteTitle "IM"]
[BlackTitle "GM"]
[WhiteElo "2373"]
[BlackElo "2498"]
[WhiteFideId "4600622"]
[BlackFideId "728012"]
[EventDate "2016.05.27"]

1. d4 Nf6 2. c4 c5 3. d5 b5 4. Nf3 Bb7 5. Qc2 Na6 6. a3 bxc4 7. e4 e6 8. dxe6
fxe6 9. e5 Nd5 10. Bxc4 Qa5+ 11. Bd2 Nab4 12. axb4 Qxa1 13. bxc5 Ba6 14. O-O
Bxc4 15. Qxc4 Rc8 16. b4 Qa4 17. Qg4 Qc2 18. Na3 Qg6 19. Qd4 Be7 20. Nc4 O-O 21.
Ne1 h5 22. f3 Rf7 23. Nd3 Rcf8 24. f4 Qh7 25. Nd6 Bxd6 26. exd6 g5 27. b5 gxf4
28. c6 Ne3 29. Ne5 Nxf1 30. Kxf1 Rg7 31. Kf2 f3 32. gxf3 Qb1 33. Ke3 Qg1+ 34.
Kd3 Qf1+ 35. Kc2 Qxb5 36. c7 Rg2 37. Qc3 Qa4+ 38. Kb2 Rxd2+ 39. Qxd2 Qb5+ 0-1

[Event "35th Zalakaros Open 2016"]
[Site "Zalakaros HUN"]
[Date "2016.06.01"]
[Round "6.19"]
[White "Korpa, Bence"]
[Black "Farago, Ivan"]
[Result "1-0"]
[WhiteTitle "IM"]
[BlackTitle "GM"]
[WhiteElo "2461"]
[BlackElo "2391"]
[WhiteFideId "706671"]
[BlackFideId "700134"]
[EventDate "2016.05.27"]

1. Nf3 Nf6 2. g3 d5 3. Bg2 c6 4. O-O Bf5 5. d3 h6 6. Nfd2 e5 7. e4 dxe4 8. dxe4
Be6 9. Qe2 Bc5 10. Nb3 Bb6 11. Na3 O-O 12. Nc4 Nbd7 13. Nxb6 axb6 14. Nd2 b5 15.
b3 Qb6 16. Bb2 Qc5 17. Nf3 b4 18. Ne1 Bg4 19. Qd2 Qe7 20. Nd3 c5 21. h3 Bh5 22.
f4 exf4 23. e5 Nh7 24. Nxf4 Bg6 25. Bxb7 Rad8 26. Nxg6 fxg6 27. Rxf8+ Ndxf8 28.
Qg2 Ng5 29. Bd5+ Kh7 30. h4 Nge6 31. c4 bxc3 32. Bxc3 Nd4 33. Re1 Nd7 34. e6 Nb6
35. Bf3 h5 36. Bxd4 Rxd4 37. Qf2 Nc8 38. Qe3 Qf8 39. Bd1 Ne7 40. Bc2 Rg4 41. Qe5 1-0

[Event "35th Zalakaros Open 2016"]
[Site "Zalakaros HUN"]
[Date "2016.06.01"]
[Round "6.20"]
[White "Erdos, Viktor"]
[Black "Hnydiuk, Aleksander"]
[Result "1/2-1/2"]
[WhiteTitle "GM"]
[BlackTitle "IM"]
[WhiteElo "2577"]
[BlackElo "2381"]
[WhiteFideId "719978"]
[BlackFideId "1109057"]
[EventDate "2016.05.27"]

1. Nf3 d5 2. c4 c6 3. e3 Nf6 4. Nc3 a6 5. d4 b5 6. c5 Nbd7 7. a3 Qc7 8. b4 a5 9.
Bb2 g6 10. Bd3 Bg7 11. h3 O-O 12. Qc2 axb4 13. axb4 Rxa1+ 14. Bxa1 Bb7 15. O-O
Ra8 16. Bb2 Ne8 17. Ne2 Qb8 18. Nc1 Nf8 19. Nb3 Bc8 20. Na5 Bd7 21. Ne5 Qc8 22.
e4 Nf6 23. Nxd7 Qxd7 24. e5 Ne8 25. f4 f5 26. Qf2 Ra7 27. Qh4 Ne6 28. g4 Nd8 29.
Kh2 e6 30. Ra1 Bf8 31. Kg2 Be7 32. Qe1 Ra6 33. Kf3 Nb7 34. Nb3 Nc7 35. Bc3 Qc8
36. Rxa6 Nxa6 37. Nd2 Nc7 38. Nf1 Qa8 39. Ne3 Qa2 40. Bc2 Qa3 41. Ke2 Nd8 42.
Kd2 Nf7 43. Qb1 Nh6 44. Bd3 Kg7 45. Be2 Kg8 46. Nc2 Qa8 47. Kd3 Nf7 48. Bd2 Nd8
49. Kc3 Nf7 50. Kb2 Nd8 51. Bd3 Nf7 52. Ne3 Nh6 53. Bc2 Kg7 54. Qg1 Kf8 55. Qg3
Ne8 56. Nd1 Nc7 57. Nc3 Nf7 58. Ne2 Nh6 59. Nc1 Nf7 60. Nb3 Nd8 61. h4 Nb7 62.
h5 Kf7 63. Qh3 Kg7 64. Nc1 Nd8 65. gxf5 exf5 66. Bxf5 gxf5 67. Qxf5 Nde6 68.
Qg4+ Kh8 69. f5 Qg8 70. Qxg8+ Kxg8 71. fxe6 Nxe6 72. Kc3 Kf7 73. Kd3 Nd8 74. Ke2
Ke6 75. Kf3 Kf5 76. Ne2 Bh4 77. Nf4 Bg5 78. Be3 Bxf4 79. Bxf4 Ne6 80. Be3 Ng7
81. h6 Ne6 82. Ke2 Ke4 83. Kd2 Nc7 84. Bg1 Ne6 85. Be3 Nf8 86. Ke2 Ng6 87. Kd2
Nf8 1/2-1/2

[Event "35th Zalakaros Open 2016"]
[Site "Zalakaros HUN"]
[Date "2016.06.01"]
[Round "6.21"]
[White "Meszaros, Tamas"]
[Black "Del Rio De Angelis, Salvador G."]
[Result "1-0"]
[WhiteTitle "IM"]
[BlackTitle "GM"]
[WhiteElo "2409"]
[BlackElo "2541"]
[WhiteFideId "717410"]
[BlackFideId "2203138"]
[EventDate "2016.05.27"]

1. e4 e6 2. d4 d5 3. Nd2 c5 4. Ngf3 cxd4 5. exd5 Qxd5 6. Bc4 Qd6 7. Bb3 Nc6 8.
Nc4 Qd8 9. O-O Nf6 10. Qe2 Be7 11. Rd1 O-O 12. c3 Nd5 13. Nxd4 Nxd4 14. Rxd4 Bf6
15. Rd3 Qc7 16. Rf3 Rd8 17. Bc2 b5 18. Ne3 Bb7 19. Ng4 Qc4 20. Rd3 Ne7 21. Nxf6+
gxf6 22. b3 Qc5 23. Rg3+ Ng6 24. h4 Rd5 25. b4 Qc4 26. Qf3 f5 27. h5 Rad8 28.
Bg5 f4 29. hxg6 1-0

[Event "35th Zalakaros Open 2016"]
[Site "Zalakaros HUN"]
[Date "2016.06.01"]
[Round "6.22"]
[White "Csonka, Balazs"]
[Black "Aczel, Gergely"]
[Result "1/2-1/2"]
[WhiteTitle "FM"]
[BlackTitle "IM"]
[WhiteElo "2400"]
[BlackElo "2502"]
[WhiteFideId "742910"]
[BlackFideId "727709"]
[EventDate "2016.05.27"]

1. Nf3 f5 2. d3 d6 3. e4 e5 4. Nc3 c5 5. g3 Nc6 6. Bh3 fxe4 7. Bxc8 Qxc8 8. dxe4
Be7 9. Nd5 Nf6 10. Nxf6+ Bxf6 11. Qxd6 Qg4 12. Qd3 Nb4 13. Qb5+ Kf8 14. Qe2
Nxc2+ 15. Qxc2 Qxf3 16. O-O b6 17. Rd1 h5 18. h3 Rd8 19. Rxd8+ Bxd8 20. Be3 Be7
21. Kh2 Kf7 22. Rd1 Kg6 23. Rd7 Rd8 24. Rxd8 Bxd8 25. Qa4 Qf7 26. Qd1 Bg5 27.
Qd6+ Qf6 28. Qxf6+ Bxf6 29. b3 Kf7 30. Kg2 Ke6 31. Kf3 Be7 32. a4 a6 33. Ke2 b5
34. axb5 axb5 35. Kd3 g6 36. Kc2 Kd6 37. Kd3 Bd8 38. f3 Ba5 39. Bh6 Be1 40. g4
Bf2 41. Ke2 Bd4 42. Kd3 Ke6 43. Bg5 Kd6 1/2-1/2

[Event "35th Zalakaros Open 2016"]
[Site "Zalakaros HUN"]
[Date "2016.06.01"]
[Round "6.23"]
[White "Nemeth, Miklos1"]
[Black "Tompa, Janos"]
[Result "1/2-1/2"]
[WhiteTitle "IM"]
[BlackTitle "IM"]
[WhiteElo "2482"]
[BlackElo "2384"]
[WhiteFideId "720232"]
[BlackFideId "700193"]
[EventDate "2016.05.27"]

1. e4 c5 2. Nf3 e6 3. b3 d5 4. exd5 Qxd5 5. Bb2 Nc6 6. Bc4 Qd8 7. Ne5 Nxe5 8.
Bxe5 Nf6 9. Qf3 Bd6 10. Bb5+ Ke7 11. Bb2 Qc7 12. Nc3 a6 13. Bd3 Be5 14. g4 g5
15. h4 Rg8 16. O-O-O Bd7 17. hxg5 Rxg5 18. Rh6 Bc6 19. Qe2 Nxg4 20. Rxh7 Nf6 21.
Rh6 Bd4 22. f3 Rag8 23. Be4 Rg2 24. Qd3 Nxe4 25. Nxe4 Bxb2+ 26. Kxb2 Qe5+ 27.
Qc3 Qxc3+ 28. Kxc3 Bxe4 29. fxe4 Re2 30. d3 Rgg2 31. Rc1 Kd6 32. Rh8 Rgf2 33.
Rf8 Kc6 34. a3 a5 35. Rc8+ Kb5 36. b4 axb4+ 37. axb4 cxb4+ 38. Kb3 f5 1/2-1/2

[Event "35th Zalakaros Open 2016"]
[Site "Zalakaros HUN"]
[Date "2016.06.01"]
[Round "6.24"]
[White "Nihal, Sarin"]
[Black "Sundararajan, Kidambi"]
[Result "1/2-1/2"]
[WhiteTitle "FM"]
[BlackTitle "GM"]
[WhiteElo "2349"]
[BlackElo "2469"]
[WhiteFideId "25092340"]
[BlackFideId "5005370"]
[EventDate "2016.05.27"]

1. d4 Nf6 2. c4 e6 3. Nf3 d5 4. Nc3 Be7 5. Bg5 O-O 6. e3 Nbd7 7. Rc1 c6 8. Bd3
a6 9. cxd5 Nxd5 10. Bxe7 Qxe7 11. O-O Nxc3 12. Rxc3 e5 13. Bb1 Re8 14. a3 exd4
15. Qxd4 Nf8 16. Rd1 Be6 17. Rcc1 Rad8 18. Qc3 c5 19. b4 c4 20. Nd4 b5 21. Rd2
Qf6 22. Rcd1 Bg4 23. f3 Bc8 24. e4 Ne6 25. Ne2 Rxd2 26. Rxd2 Nf4 27. Qxf6 Nxe2+
28. Kf2 gxf6 29. Rxe2 Rd8 30. Bc2 Be6 31. Ke3 a5 32. bxa5 Ra8 33. Kd4 Rxa5 34.
Re3 Ra8 35. Kc5 Bd7 1/2-1/2

[Event "35th Zalakaros Open 2016"]
[Site "Zalakaros HUN"]
[Date "2016.06.01"]
[Round "6.26"]
[White "Kozak, Adam"]
[Black "Nomin-Erdene, Davaademberel"]
[Result "1-0"]
[WhiteTitle "FM"]
[BlackTitle "IM"]
[WhiteElo "2347"]
[BlackElo "2448"]
[WhiteFideId "753246"]
[BlackFideId "4900782"]
[EventDate "2016.05.27"]

1. d4 d5 2. c4 dxc4 3. Nf3 Nf6 4. Qa4+ c6 5. Qxc4 Bf5 6. Nc3 e6 7. g3 Nbd7 8.
Bg2 Be7 9. O-O O-O 10. Re1 Nb6 11. Qb3 Ne4 12. Bf4 Nxc3 13. bxc3 Be4 14. Rac1 c5
15. a4 c4 16. Qa2 Qd5 17. a5 Nd7 18. Bf1 Bxf3 19. exf3 Rac8 20. Bg2 Qc6 21. Bd2
Bd8 22. f4 Qa6 23. Qb2 Qxa5 24. Qxb7 Rc7 25. Qb2 Bf6 26. Ra1 Qb6 27. Qc2 Rfc8
28. Reb1 Qd6 29. Bc1 Nb6 30. Ra6 Qd7 31. Ba3 Be7 32. Bxe7 Qxe7 33. Rba1 Rd8 34.
Qa2 Rdd7 35. Rb1 g6 36. Qa1 Kg7 37. h4 h5 38. Bf3 Nc8 39. Qa2 Qf6 40. Ra5 Nb6
41. Rbb5 Qe7 42. Qe2 f6 43. Be4 Qf7 44. Qc2 Nd5 45. f5 gxf5 46. Bxd5 Rxd5 47.
Rxd5 exd5 48. Qxf5 Rd7 49. Ra6 Rd8 50. Kg2 Qe7 51. Qxh5 Rd6 52. Qg4+ Kh8 53.
Rxd6 Qxd6 54. Qc8+ Kg7 55. Qb7+ Kg8 56. Qxa7 Qe6 57. Qb8+ Kg7 58. Qf4 f5 59. Qe3
Qf7 60. Qg5+ Kh7 61. h5 Qe6 62. Qg6+ Qxg6 63. hxg6+ Kxg6 64. f4 Kh6 65. Kh3 Kh5
66. g4+ Kg6 67. g5 Kg7 68. Kg3 Kh7 69. Kf3 Kg6 70. Ke3 Kh5 71. Kd2 Kg6 72. Kc2
Kh5 73. Kb2 1-0

[Event "35th Zalakaros Open 2016"]
[Site "Zalakaros HUN"]
[Date "2016.06.01"]
[Round "6.27"]
[White "Nguyen, Piotr"]
[Black "Havasi, Gergo"]
[Result "1/2-1/2"]
[WhiteTitle "IM"]
[WhiteElo "2446"]
[BlackElo "2367"]
[WhiteFideId "1127993"]
[BlackFideId "760293"]
[EventDate "2016.05.27"]

1. d4 d5 2. c4 c6 3. Nf3 Nf6 4. e3 Bg4 5. Qb3 Qc7 6. Ne5 Be6 7. Nc3 dxc4 8. Bxc4
Bxc4 9. Nxc4 Nbd7 10. e4 b5 11. Ne3 e5 12. d5 Nc5 13. Qc2 b4 14. Na4 cxd5 15.
Nxd5 Nxd5 16. exd5 Qa5 17. Nxc5 1/2-1/2

[Event "35th Zalakaros Open 2016"]
[Site "Zalakaros HUN"]
[Date "2016.06.01"]
[Round "6.28"]
[White "Thakur, Akash"]
[Black "Kreisl, Robert"]
[Result "1/2-1/2"]
[WhiteTitle "FM"]
[BlackTitle "IM"]
[WhiteElo "2345"]
[BlackElo "2439"]
[WhiteFideId "5008514"]
[BlackFideId "1613880"]
[EventDate "2016.05.27"]

1. e4 c5 2. Nf3 e6 3. c4 Nc6 4. Nc3 Nf6 5. a3 Be7 6. d4 cxd4 7. Nxd4 O-O 8. Be2
d5 9. exd5 exd5 10. cxd5 Nxd5 11. Nxc6 bxc6 12. Bd2 Bf6 13. O-O Nxc3 14. Bxc3
Bxc3 15. bxc3 Qa5 16. Qb3 Be6 17. Qb4 Qe5 18. Bf3 Rab8 19. Rfe1 Qc7 20. Qc5 Rb5 1/2-1/2

[Event "35th Zalakaros Open 2016"]
[Site "Zalakaros HUN"]
[Date "2016.06.01"]
[Round "6.29"]
[White "Raja, Harshit"]
[Black "Gazik, Viktor"]
[Result "0-1"]
[BlackTitle "FM"]
[WhiteElo "2329"]
[BlackElo "2433"]
[WhiteFideId "5089000"]
[BlackFideId "14928752"]
[EventDate "2016.05.27"]

1. e4 g6 2. d4 Bg7 3. Nf3 d6 4. Nc3 a6 5. Be2 Nd7 6. Be3 b5 7. O-O Bb7 8. a4 b4
9. Na2 Bxe4 10. Ng5 Bb7 11. Bf3 Qc8 12. Nxb4 h6 13. Nh3 a5 14. Nc6 Ra6 15. d5
Bxc6 16. dxc6 Nb8 17. Be2 Ra8 18. Bb5 e6 19. Bd4 e5 20. Be3 g5 21. f4 gxf4 22.
Nxf4 exf4 23. Bd4 Rh7 24. Rxf4 Ne7 25. Bxg7 Rxg7 26. Qd4 Kf8 27. Qc4 d5 28. Qc5
Qe6 29. Qf2 Ng6 30. Rf6 Qg4 31. Rf1 Ne5 32. Rf5 Nbxc6 33. h3 Qg3 34. Qxg3 Rxg3
35. Bxc6 Nxc6 36. Rxf7+ Kg8 37. Rxc7 Rg6 38. Rff7 Rd8 39. h4 Ne5 40. Rf5 Nc4 41.
b3 Ne3 42. Rf2 d4 43. Ra7 Rc8 44. Rxa5 d3 45. h5 Rg7 46. c4 Rd8 47. Rd2 Rxg2+ 0-1

[Event "35th Zalakaros Open 2016"]
[Site "Zalakaros HUN"]
[Date "2016.06.01"]
[Round "6.30"]
[White "Lalic, Bogdan"]
[Black "Spalir, Jernej"]
[Result "1-0"]
[WhiteTitle "GM"]
[BlackTitle "FM"]
[WhiteElo "2431"]
[BlackElo "2330"]
[WhiteFideId "409081"]
[BlackFideId "14606518"]
[EventDate "2016.05.27"]

1. c4 e6 2. Nc3 d5 3. d4 Nf6 4. cxd5 exd5 5. Bg5 c6 6. e3 Be7 7. Bd3 Nbd7 8.
Nge2 Nh5 9. Bxe7 Qxe7 10. g4 Nhf6 11. Ng3 g6 12. g5 Ng8 13. h4 h6 14. Qc2 hxg5
15. h5 gxh5 16. Nxh5 Kf8 17. O-O-O Ndf6 18. Ng3 Rxh1 19. Rxh1 Be6 20. Rg1 Re8
21. Nf5 Bxf5 22. Bxf5 Nh5 23. Rh1 Ng7 24. Rh8 Nxf5 25. Qxf5 f6 26. Rh7 Qe6 27.
Qxe6 Rxe6 28. Rxb7 Re7 29. Rb8+ Re8 30. Rb4 Nh6 31. Kd2 Ng4 32. Ke2 Re7 33. Ra4
Rb7 34. b3 Ke7 35. Ra6 Kd6 36. f3 Nh6 37. e4 dxe4 38. Nxe4+ Kd5 39. Kd3 Ng8 40.
Ra5+ Rb5 41. Nc3+ 1-0

[Event "35th Zalakaros Open 2016"]
[Site "Zalakaros HUN"]
[Date "2016.06.01"]
[Round "6.31"]
[White "Mesaros, Florian"]
[Black "Livaic, Leon"]
[Result "1/2-1/2"]
[WhiteTitle "FM"]
[BlackTitle "FM"]
[WhiteElo "2318"]
[BlackElo "2428"]
[WhiteFideId "1629220"]
[BlackFideId "14531534"]
[EventDate "2016.05.27"]

1. Nf3 Nf6 2. c4 b6 3. g3 Bb7 4. Bg2 c5 5. O-O g6 6. Nc3 Bg7 7. d4 cxd4 8. Qxd4
d6 9. Be3 Nbd7 10. Rfd1 Rc8 11. Rac1 a6 12. b3 O-O 13. Qh4 Re8 14. Bh3 Ba8 15.
g4 b5 16. cxb5 Qa5 17. g5 Rxc3 18. Rxc3 Qxc3 19. gxf6 Nxf6 20. bxa6 Qc2 21. Re1
Nd5 22. Bd2 Nc3 23. Bxc3 Qxc3 24. Rd1 Qc2 25. Re1 Qc3 26. Rd1 Qc2 27. Re1 Qc3
28. Rd1 1/2-1/2

[Event "35th Zalakaros Open 2016"]
[Site "Zalakaros HUN"]
[Date "2016.06.01"]
[Round "6.32"]
[White "Vertetics, Attila"]
[Black "Barski, Radoslaw"]
[Result "1-0"]
[WhiteTitle "IM"]
[WhiteElo "2425"]
[BlackElo "2324"]
[WhiteFideId "723720"]
[BlackFideId "1131710"]
[EventDate "2016.05.27"]

1. d4 Nf6 2. Bg5 Ne4 3. Bf4 d6 4. f3 Nf6 5. e4 g6 6. Nc3 Bg7 7. Qd2 O-O 8. O-O-O
Nc6 9. Bh6 e5 10. Bxg7 Kxg7 11. Nge2 a6 12. g4 b5 13. a3 Rb8 14. h4 b4 15. axb4
h6 16. Na2 h5 17. g5 Nd7 18. f4 exf4 19. Nxf4 Nb6 20. Qc3 Bb7 21. Bg2 d5 22.
Rhe1 Ne7 23. b3 Kh7 24. e5 Bc8 25. Bh3 Nf5 26. Nxh5 gxh5 27. Qd3 Kg6 28. Rf1 Qd7
29. Bxf5+ Qxf5 30. Rxf5 Bxf5 31. Qf3 Nd7 32. Qxd5 Kg7 33. Rf1 Nb6 34. Qf3 Bg6
35. Nc3 c6 36. Qf6+ Kh7 37. e6 Nd5 38. Nxd5 cxd5 39. exf7 1-0